La modificación
Tallennettuna:
| Päätekijä: | |
|---|---|
| Aineistotyyppi: | Kirja |
| Kieli: | espanja |
| Julkaistu: |
Buenos Aires
Compañía General Fabril Editora
1961
|
| Sarja: | Colección Anaquel
|
| Aiheet: | |
| Tagit: |
Lisää tagi
Ei tageja, Lisää ensimmäinen tagi!
|
MARC
| LEADER | 00000cam a2200000 a 4500 | ||
|---|---|---|---|
| 001 | UCF8448 | ||
| 003 | CL-VaPUC | ||
| 008 | 130829e19610000ag |||||||||||||||||spa|d | ||
| 082 | 0 | 4 | |a 843 |b BUT |2 21 |
| 100 | 0 | |a Butor, Michel |e author |9 570517 | |
| 245 | 1 | 3 | |a La modificación |
| 300 | |a 235 p | ||
| 942 | |c BK | ||
| 945 | |d 20130829 16:45:00 |a dcastane | ||
| 260 | |a Buenos Aires |b Compañía General Fabril Editora |c 1961 | ||
| 650 | 0 | |a Novela francesa |9 264985 | |
| 650 | 0 | |a Literatura francesa |9 266330 | |
| 583 | |a last modification |c 20130829 16:45:00 |k Rodrigo Vera | ||
| 490 | 0 | |a Colección Anaquel | |
| 999 | |c 353020 |d 353018 | ||
| 952 | |0 0 |1 0 |3 erd |4 0 |6 843_000000000000000_BUT_1961 |7 0 |8 A |9 457860 |a BIBEDU |b BIBEDU |d 2019-11-23 |i 4997840 |o 843 BUT 1961 |p 4997840 |r 2019-11-23 |w 2019-11-23 |y BK |z Catalogado en:20130829 |k LIT | ||